书目信息 |
| 题名: |
刑事诉讼举证责任 二
|
|
| 作者: | 宋纯新 主编 | |
| 分册: | ||
| 出版信息: | 北京 中国方正出版社 2001 |
|
| 页数: | 542-1260页 | |
| 开本: | 19cm | |
| 丛书名: | 诉讼举证责任丛书 | |
| 单 册: | ||
| 中图分类: | D925.213.4 | |
| 科图分类: | ||
| 主题词: | 刑事诉讼--举证责任--中国 , 刑事诉讼 , 举证责任 | |
| 电子资源: | ||
| ISBN: | 7-80107-461-0 | |
| 000 | 00775oam2 2200265 45 | |
| 001 | (011001)c2001047258 | |
| 005 | 20090908090016.03 | |
| 009 | (011001)c2001047258 | |
| 010 | @a7-80107-461-0@dCNY30.00 | |
| 035 | @a(011001)c2001047258 | |
| 100 | @a20010521d2001 em y0chiy0110 ea | |
| 101 | 0 | @achi |
| 102 | @aCN@b110000 | |
| 105 | @ay z 000yy | |
| 200 | 1 | @a刑事诉讼举证责任 二@Axing shi su song ju zheng ze ren er@f宋纯新主编@Fsong chun xin zhu bian |
| 210 | @a北京@c中国方正出版社@d2001 | |
| 215 | @a542-1260页@d19cm | |
| 225 | 2 | @a诉讼举证责任丛书 |
| 606 | 0 | @a刑事诉讼@x举证责任@y中国 |
| 606 | 0 | @a刑事诉讼 |
| 606 | 0 | @a举证责任 |
| 690 | @aD925.213.4@v4 | |
| 701 | 0 | @a宋纯新@Asong chun xin@4主编 |
| 801 | 0 | @aCN@c20090908 |
| 905 | @aBZT@dD925.213.4@e1-2 | |
| 刑事诉讼举证责任 二/宋纯新主编.-北京:中国方正出版社,2001 |
| 542-1260页;19cm.-(诉讼举证责任丛书) |
| ISBN 7-80107-461-0:CNY30.00 |
| ● |
| 相关链接 |
|
|
|
正题名:刑事诉讼举证责任 二
索取号:D925.213.4/1-2
 
预约/预借
| 序号 | 登录号 | 条形码 | 馆藏地/架位号 | 状态 | 备注 |
| 1 | 399836 | 210262286 | 中心书库南/014架A面5层6列/ [索取号:D925.213.4/1-2] | 在馆 | |
| 2 | 399837 | 210262295 | 中心书库南/014架A面5层6列/ [索取号:D925.213.4/1-2] | 在馆 | |
| 3 | 399838 | 210262302 | 中心书库南/014架A面5层6列/ [索取号:D925.213.4/1-2] | 在馆 | |
| 4 | 399839 | 210262259 | 中心书库南/014架A面5层6列/ [索取号:D925.213.4/1-2] | 在馆 | |
| 5 | 399840 | 210262268 | 中心书库南/014架A面5层6列/ [索取号:D925.213.4/1-2] | 在馆 | |
| 6 | 399841 | 210262277 | 中心书库南/014架A面5层6列/ [索取号:D925.213.4/1-2] | 在馆 | |
| 7 | 399842 | 210262213 | 中心书库南/014架A面5层6列/ [索取号:D925.213.4/1-2] | 在馆 | |
| 8 | 399843 | 210262222 | 中心书库南/014架A面5层6列/ [索取号:D925.213.4/1-2] | 在馆 | |
| 9 | 399844 | 210262231 | 中心书库南/014架A面5层6列/ [索取号:D925.213.4/1-2] | 在馆 | |
| 10 | 399845 | 210262240 | 中心书库南/014架A面5层6列/ [索取号:D925.213.4/1-2] | 在馆 | |
| 11 | 426021 | 210532379 | 中心书库南/014架A面6层6列/ [索取号:D925.213.4/1-2] | 在馆 | |
| 12 | 426022 | 210532360 | 中心书库南/014架A面6层6列/ [索取号:D925.213.4/1-2] | 在馆 | |
| 13 | 426023 | 210532351 | 中心书库南/014架A面5层6列/ [索取号:D925.213.4/1-2] | 在馆 | |
| 14 | 426024 | 210532342 | 中心书库南/014架A面6层6列/ [索取号:D925.213.4/1-2] | 在馆 | |
| 15 | 426025 | 210532333 | 中心书库南/014架A面6层6列/ [索取号:D925.213.4/1-2] | 在馆 | |
| 16 | 426026 | 210539844 | 中心书库南/014架A面6层6列/ [索取号:D925.213.4/1-2] | 在馆 | |
| 17 | 426027 | 210539835 | 中心书库南/014架A面6层6列/ [索取号:D925.213.4/1-2] | 在馆 | |
| 18 | 426028 | 210539808 | 中心书库南/014架A面5层6列/ [索取号:D925.213.4/1-2] | 在馆 | |
| 19 | 426029 | 210539826 | 中心书库南/014架A面5层6列/ [索取号:D925.213.4/1-2] | 在馆 | |
| 20 | 426030 | 210539817 | 中心书库南/014架A面6层6列/ [索取号:D925.213.4/1-2] | 在馆 |